[Event "Sparkassen-Open B"]
[Site "Heusenstamm, Martinsee"]
[Date "2019.11.23"]
[Round "5.12"]
[White "Rashed, Mohammed"]
[Black "Taskor, Erkan"]
[Result "1-0"]
[WhiteElo "1566"]
[BlackElo "1730"]
[PlyCount "147"]
[EventDate "2019.??.??"]
[WhiteTeam "Sfr. Mörfelden"]
[BlackTeam "Niederräder TG"]

1. e4 e6 2. d4 d5 3. e5 c5 4. c3 Qb6 5. g3 Bd7 6. Ne2 Bb5 7. b3 cxd4 8. Nxd4
Bxf1 9. Kxf1 Nd7 10. Qe2 Bc5 11. Bb2 a6 12. Nd2 Ne7 13. Kg2 Rc8 14. Rac1 O-O
15. a3 Bxd4 16. cxd4 Rc6 17. b4 Rfc8 18. Nb3 Rxc1 19. Rxc1 Rxc1 20. Bxc1 Qc6
21. Nc5 Nb6 22. h4 Nc4 23. h5 Qb5 24. h6 Nxa3 25. Qg4 Ng6 26. Bxa3 b6 27. Nb7
Qd3 28. Bc1 Qc3 29. Bg5 Qxb4 30. Nd8 Qb5 31. Nxe6 Qd7 32. f4 fxe6 33. hxg7 Qc8
34. Qe2 Qc4 35. Qf2 Qd3 36. g4 Kxg7 37. f5 exf5 38. gxf5 Qe4+ 39. Kg3 Nf8 40.
Qf4 Qd3+ 41. Qe3 Qxf5 42. Bh6+ Kg8 43. Bxf8 Qg6+ 44. Kf3 Qf5+ 45. Ke2 Kxf8 46.
Qh6+ Kf7 47. Qxb6 Qe6 48. Qc7+ Kg6 49. Qc2+ Kh6 50. Qd2+ Kh5 51. Qf4 Kg6 52.
Qg3+ Kf7 53. Qf4+ Ke8 54. Qh4 Qg6 55. Kd2 h6 56. Kc3 Kd7 57. Qh3+ Qe6 58. Qd3
Kc7 59. Kd2 Kb7 60. Qb3+ Ka7 61. Qd3 Qb6 62. Qh7+ Qb7 63. Qd3 Qb2+ 64. Ke3 Qc1+
65. Ke2 Qc7 66. Qg6 Qc4+ 67. Kf3 Qc3+ 68. Ke2 Qxd4 69. e6 Qe5+ 70. Kf3 Kb8 71.
Qe8+ Kb7 72. Qd7+ Qc7 73. Qf7 Kc6 74. e7 1-0

[Event "Sparkassen-Open B"]
[Site "Heusenstamm, Martinsee"]
[Date "2019.11.23"]
[Round "5.13"]
[White "Hegel, Jonas"]
[Black "Stepanov, Maximilian"]
[Result "1/2-1/2"]
[WhiteElo "1616"]
[BlackElo "1561"]
[PlyCount "51"]
[EventDate "2019.??.??"]
[WhiteTeam "SC Peiting"]
[BlackTeam "SK Gräfelfing"]

1. e4 e6 2. d4 d5 3. exd5 exd5 4. Nf3 Bd6 5. Bd3 Nc6 6. O-O Nge7 7. c3 O-O 8.
Qc2 h6 9. Re1 Bg4 10. Nbd2 Qd7 11. h3 Bf5 12. Nh4 Bxd3 13. Qxd3 Nd8 14. g4 Ne6
15. Ndf3 Nf4 16. Bxf4 Bxf4 17. Ne5 Qd6 18. Nf5 Nxf5 19. Qxf5 Bxe5 20. Rxe5 c6
21. Rae1 Qg6 22. Qxg6 fxg6 23. h4 Rf4 24. Re7 Rxg4+ 25. Kh2 Rb8 26. Rc7 1/2-1/2

[Event "Sparkassen-Open B"]
[Site "Heusenstamm, Martinsee"]
[Date "2019.11.23"]
[Round "5.14"]
[White "Leichum, Engelbert"]
[Black "Haftmann, Rainer"]
[Result "1-0"]
[WhiteElo "1587"]
[BlackElo "1712"]
[PlyCount "69"]
[EventDate "2019.??.??"]
[WhiteTeam "vereinslos"]
[BlackTeam "SG Dietzenbach"]

1. e4 e5 2. d4 exd4 3. c3 Nc6 4. cxd4 d5 5. Nc3 Bb4 6. Bb5 a6 7. Qa4 Bd7 8.
Bxc6 Bxc3+ 9. bxc3 Bxc6 10. Qb3 dxe4 11. Ne2 Ne7 12. O-O O-O 13. Ba3 Re8 14.
Ng3 Qd5 15. Qc2 f5 16. c4 Qxd4 17. Rad1 Qf6 18. Bb2 Qf7 19. Qc3 f4 20. Nh5 Ng6
21. Nxg7 Re7 22. Nh5 Ne5 23. Qh3 Bd7 24. Qh4 Bf5 25. Bxe5 Rxe5 26. Rd8+ Rxd8
27. Qxd8+ Qf8 28. Qg5+ Kh8 29. Rd1 Re8 30. Rd5 Bg6 31. Nf6 Re7 32. Nd7 Qg7 33.
Ne5 c6 34. Nxg6+ hxg6 35. Rd8+ 1-0

[Event "Sparkassen-Open B"]
[Site "Heusenstamm, Martinsee"]
[Date "2019.11.23"]
[Round "5.15"]
[White "Lietz, Helmuth"]
[Black "Becker, Ralph"]
[Result "1/2-1/2"]
[WhiteElo "1519"]
[BlackElo "1706"]
[PlyCount "41"]
[EventDate "2019.??.??"]
[WhiteTeam "SC Taunusstein"]
[BlackTeam "SC Paimar"]

1. d4 g6 2. Nf3 Bg7 3. e4 d6 4. Be3 a6 5. Nbd2 Nd7 6. c3 Ngf6 7. Bc4 O-O 8. h3
b5 9. Bb3 Bb7 10. e5 dxe5 11. dxe5 Nd5 12. e6 fxe6 13. Ng5 Rf6 14. Nde4 Nf8 15.
Qg4 Nxe3 16. Nxf6+ exf6 17. Nxe6 Qe7 18. fxe3 Kh8 19. Kf2 f5 20. Qb4 Qxb4 21.
cxb4 1/2-1/2

[Event "Sparkassen-Open B"]
[Site "Heusenstamm, Martinsee"]
[Date "2019.11.23"]
[Round "5.16"]
[White "Bursch, Alexander"]
[Black "von Beckh, Frieda"]
[Result "1/2-1/2"]
[WhiteElo "1699"]
[BlackElo "1415"]
[PlyCount "77"]
[EventDate "2019.??.??"]
[WhiteTeam "SV Hennef"]
[BlackTeam "SK Bad Homburg"]

1. b3 e5 2. e3 Nc6 3. Bb2 Nf6 4. Bb5 Bd6 5. Na3 Na5 6. Be2 O-O 7. c4 Re8 8. Nc2
Nc6 9. Nf3 e4 10. Nfd4 Nxd4 11. Nxd4 Be5 12. Rb1 c6 13. O-O d5 14. d3 exd3 15.
Bxd3 dxc4 16. bxc4 c5 17. Nb5 Bxb2 18. Rxb2 a6 19. Nc3 Qc7 20. Be2 Bf5 21. Bf3
Be4 22. Nxe4 Nxe4 23. Qd5 Nd6 24. Rfb1 b5 25. cxb5 axb5 26. Qc6 Rac8 27. Qxc7
Rxc7 28. Bd5 Rb8 29. e4 b4 30. a3 Kf8 31. f3 Nb5 32. axb4 Nc3 33. bxc5 Rxb2 34.
Rxb2 Nxd5 35. exd5 Rxc5 36. Rd2 Ke7 37. d6+ Kd7 38. Kf2 Rc6 39. Ke3 1/2-1/2

[Event "Sparkassen-Open B"]
[Site "Heusenstamm, Martinsee"]
[Date "2019.11.23"]
[Round "5.17"]
[White "Tobias, Christian"]
[Black "Treiber, Volker"]
[Result "0-1"]
[WhiteElo "1354"]
[BlackElo "1692"]
[PlyCount "72"]
[EventDate "2019.??.??"]
[WhiteTeam "SV Oberursel"]
[BlackTeam "SK Lohr"]

1. e4 d6 2. d4 Nf6 3. Nc3 g6 4. Nf3 Bg7 5. Be2 b6 6. Be3 Bb7 7. d5 Nbd7 8. Qd2
Ng4 9. Bd4 f6 10. h3 Nge5 11. Nxe5 Nxe5 12. Be3 Nf7 13. Bb5+ Kf8 14. O-O-O a6
15. Bc6 Bxc6 16. dxc6 Qe8 17. f4 Qxc6 18. Qd5 Nd8 19. f5 b5 20. g4 b4 21. Qxc6
Nxc6 22. Nd5 Rc8 23. h4 a5 24. fxg6 hxg6 25. Nf4 Kf7 26. g5 Ne5 27. Ng2 c5 28.
Bf4 Nc4 29. Ne3 fxg5 30. Nxc4 gxf4 31. Nxa5 Ra8 32. Nc4 Rxa2 33. Kb1 Rha8 34.
Kc1 Ra1+ 35. Kd2 Rxd1+ 36. Rxd1 Rh8 0-1

[Event "Sparkassen-Open B"]
[Site "Heusenstamm, Martinsee"]
[Date "2019.11.23"]
[Round "5.18"]
[White "Althaus, Lennart"]
[Black "Buchinger, Alexis"]
[Result "0-1"]
[WhiteElo "1690"]
[BlackElo "1399"]
[PlyCount "58"]
[EventDate "2019.??.??"]
[WhiteTeam "TV-Großostheim"]
[BlackTeam "SF Neuberg"]

1. c4 e6 2. Nc3 d5 3. cxd5 exd5 4. d4 Nf6 5. Nf3 Nc6 6. Bg5 Bb4 7. e3 h6 8.
Bxf6 Qxf6 9. a3 Bxc3+ 10. bxc3 Bg4 11. Be2 O-O 12. Qb3 Qd6 13. O-O a5 14. h3
Be6 15. Rfc1 a4 16. Qb2 Na5 17. Nd2 b6 18. c4 c5 19. dxc5 bxc5 20. cxd5 Bxd5
21. Bc4 Rab8 22. Qc2 Nb3 23. Bxb3 axb3 24. Qxc5 Qxc5 25. Rxc5 b2 26. Re1 Ba2
27. Nb1 Rfc8 28. Rc3 Bxb1 29. Rxc8+ Rxc8 0-1

[Event "Sparkassen-Open B"]
[Site "Heusenstamm, Martinsee"]
[Date "2019.11.23"]
[Round "5.19"]
[White "Wu, Sifan"]
[Black "Stosberg, Marc"]
[Result "1-0"]
[WhiteElo "1574"]
[BlackElo "1798"]
[PlyCount "69"]
[EventDate "2019.??.??"]
[WhiteTeam "SV Oberursel"]
[BlackTeam "Sfr. Mörfelden"]

1. e4 c5 2. Nf3 Nc6 3. d4 cxd4 4. Nxd4 g6 5. Nc3 Bg7 6. Be3 Nf6 7. f3 O-O 8.
Qd2 a5 9. O-O-O a4 10. a3 d6 11. g4 h5 12. gxh5 Nxh5 13. Kb1 Bd7 14. Qf2 Ne5
15. Be2 Qa5 16. Ndb5 Rac8 17. Bb6 Qa8 18. Nd5 Nc6 19. Ba7 Rce8 20. Ndc7 Qc8 21.
Nxe8 Rxe8 22. Bb6 Ne5 23. Nc7 Rf8 24. Nd5 Re8 25. Bd4 Be6 26. Nc3 Nf4 27. Bb5
Rf8 28. Bxa4 Nh3 29. Qg3 Nc4 30. Bxg7 Kxg7 31. Nd5 Bxd5 32. Rxd5 Ne3 33. Rd3
Nc4 34. Rc3 Nd2+ 35. Ka1 1-0

[Event "Sparkassen-Open B"]
[Site "Heusenstamm, Martinsee"]
[Date "2019.11.23"]
[Round "5.20"]
[White "Probstfeld, Bernd"]
[Black "Lanz, Udo"]
[Result "1/2-1/2"]
[WhiteElo "1531"]
[BlackElo "1787"]
[PlyCount "55"]
[EventDate "2019.??.??"]
[WhiteTeam "SG Pieroth"]
[BlackTeam "VSG Offenbach"]

1. d4 f5 2. Nf3 Nf6 3. c4 g6 4. Nc3 Bg7 5. e3 O-O 6. Be2 d6 7. O-O c6 8. Qc2
Qc7 9. b3 e5 10. dxe5 dxe5 11. Bb2 Na6 12. a3 Nc5 13. Nd2 f4 14. e4 Ne6 15. Nf3
g5 16. Na2 Nd7 17. h3 h5 18. Nh2 Nf6 19. Rad1 Nc5 20. f3 Be6 21. b4 Ncd7 22.
Nc1 Rad8 23. c5 Rfe8 24. Bc4 Nf8 25. Bxe6+ Nxe6 26. Qb3 Kh7 27. Rxd8 Rxd8 28.
Rd1 1/2-1/2

[Event "Sparkassen-Open B"]
[Site "Heusenstamm, Martinsee"]
[Date "2019.11.23"]
[Round "5.21"]
[White "Berkes, Jörg"]
[Black "Kirchner, Stefan"]
[Result "0-1"]
[WhiteElo "1754"]
[BlackElo "1575"]
[PlyCount "141"]
[EventDate "2019.??.??"]
[WhiteTeam "SK Langen"]
[BlackTeam "SF Schöneck"]

1. Nf3 f5 2. g3 g6 3. Bg2 Bg7 4. d3 Nf6 5. O-O O-O 6. c3 d6 7. Qb3+ d5 8. Nh4
e6 9. Re1 Na6 10. Nd2 Nc5 11. Qa3 Na6 12. e4 c6 13. Rb1 g5 14. Nhf3 h6 15. e5
Nd7 16. d4 f4 17. Bh3 Nc7 18. Bg4 Qe8 19. Bh3 Qg6 20. Qd6 fxg3 21. hxg3 g4 22.
Nh4 Qf7 23. f4 Nb5 24. Qb4 gxh3 25. a4 a5 26. Qb3 Nc7 27. Qc2 Qh5 28. Kh2 Qg4
29. Nf1 Nb6 30. Ne3 Qh5 31. Rg1 Nc4 32. Nxc4 dxc4 33. Qf2 Nd5 34. g4 Qf7 35. f5
Kh8 36. Rf1 exf5 37. gxf5 Bxf5 38. Qxf5 Qxf5 39. Rxf5 Rxf5 40. Nxf5 Rf8 41. Nd6
Rf2+ 42. Kg3 Rf1 43. Kxh3 b6 44. Nxc4 h5 45. e6 Bf6 46. Kg2 Re1 47. Kf2 Bh4+
48. Kf3 Kh7 49. Ne5 c5 50. Bg5 Rxb1 51. Bxh4 cxd4 52. cxd4 Rxb2 53. Ke4 Nc7 54.
e7 Rb4 55. Nd7 Kg7 56. Ke5 Kf7 57. Nb8 Rxa4 58. Nc6 Ke8 59. Bg3 Ra3 60. Bf4 h4
61. Kd6 Rf3 62. Be5 Nb5+ 63. Ke6 Re3 64. d5 Rxe5+ 65. Nxe5 Nc7+ 66. Kd6 Nxd5
67. Nf3 h3 68. Kxd5 Kxe7 69. Kc4 Kd6 70. Nh2 Ke5 71. Kb5 0-1

[Event "Sparkassen-Open B"]
[Site "Heusenstamm, Martinsee"]
[Date "2019.11.23"]
[Round "5.22"]
[White "Bengsch, Norbert"]
[Black "Cromm, Mika"]
[Result "1/2-1/2"]
[WhiteElo "1742"]
[BlackElo "1451"]
[PlyCount "43"]
[EventDate "2019.??.??"]
[WhiteTeam "SG Donautal Tuttlingen"]
[BlackTeam "TuS Löhnberg"]

1. d4 d5 2. Bf4 Nf6 3. e3 e6 4. Nf3 Nbd7 5. Bd3 b6 6. Ne5 Nxe5 7. dxe5 Nd7 8.
c3 a6 9. Nd2 g6 10. Nf3 h6 11. h4 Bb7 12. g4 Bg7 13. Bc2 Qe7 14. Qe2 O-O-O 15.
h5 g5 16. Bg3 Rhf8 17. O-O-O f6 18. exf6 Qxf6 19. Nd4 c5 20. Nb3 d4 21. cxd4
Bxh1 22. Rxh1 1/2-1/2

[Event "Sparkassen-Open B"]
[Site "Heusenstamm, Martinsee"]
[Date "2019.11.23"]
[Round "5.23"]
[White "Plaumann, Arvin"]
[Black "Baltic, Sara"]
[Result "1/2-1/2"]
[WhiteElo "1691"]
[BlackElo "1520"]
[PlyCount "60"]
[EventDate "2019.??.??"]
[WhiteTeam "SF Heidesheim"]
[BlackTeam "SG Porz"]

1. d4 Nf6 2. c4 g6 3. Nc3 d5 4. Bf4 Bg7 5. Nf3 c6 6. e3 Bg4 7. h3 Bxf3 8. Qxf3
O-O 9. Bd3 dxc4 10. Bxc4 Nbd7 11. O-O Nb6 12. Bb3 Nbd5 13. Nxd5 Nxd5 14. Bg3
Nf6 15. Rac1 Qd7 16. Rfd1 Rac8 17. e4 Kh8 18. Rc5 Qe8 19. Ra5 Ra8 20. Ba4 b6
21. e5 Nd7 22. Ra6 Nb8 23. d5 Nxa6 24. Bxc6 Qc8 25. d6 exd6 26. exd6 Nc5 27. d7
Nxd7 28. Bxa8 Ne5 29. Qd5 Qxa8 30. Bxe5 Qxd5 1/2-1/2

[Event "Sparkassen-Open B"]
[Site "Heusenstamm, Martinsee"]
[Date "2019.11.23"]
[Round "5.24"]
[White "Alt, Johannes"]
[Black "Firinci, Erdem"]
[Result "1-0"]
[WhiteElo "1200"]
[BlackElo "1613"]
[PlyCount "125"]
[EventDate "2019.??.??"]
[WhiteTeam "SF Heidesheim"]
[BlackTeam "SF Heusenstamm"]

1. d4 d5 2. c4 c6 3. Bf4 Nf6 4. e3 Bf5 5. Nf3 Bg4 6. h3 Bxf3 7. Qxf3 Qa5+ 8.
Nd2 Ne4 9. Qd1 Qxd2+ 10. Qxd2 Nxd2 11. Kxd2 e6 12. cxd5 exd5 13. a3 Be7 14. Bd3
Nd7 15. b4 O-O 16. Rab1 b5 17. Rhc1 a5 18. Rxc6 axb4 19. axb4 Ra2+ 20. Ke1 Ra4
21. Bd6 Bxd6 22. Rxd6 Nf6 23. Bxb5 Ra2 24. Bc6 Ne4 25. Bxd5 Nxd6 26. Bxa2 Rc8
27. Bd5 Kf8 28. Kd2 f5 29. Ra1 Rc7 30. Rc1 Ra7 31. Rc6 Ke7 32. Rc2 Kd7 33. b5
Ne4+ 34. Bxe4 fxe4 35. b6 Ra3 36. b7 Rb3 37. Ke2 Rxb7 38. f3 exf3+ 39. gxf3 Rb6
40. Ra2 Ke7 41. Ra7+ Kf6 42. Kd3 h5 43. Ra5 g6 44. Ke4 g5 45. Kd5 Rb3 46. Ke4
Rb6 47. f4 gxf4 48. Kxf4 Kg6 49. e4 Rb3 50. Rg5+ Kh6 51. Rg3 Rb1 52. d5 Rd1 53.
Kf5 h4 54. Re3 Kh5 55. Ke6 Kg5 56. Rf3 Rg1 57. d6 Rg3 58. Rxg3+ hxg3 59. d7 Kf4
60. d8=Q Kxe4 61. h4 Kf3 62. Qg8 g2 63. Qxg2+ 1-0

[Event "Sparkassen-Open B"]
[Site "Heusenstamm, Martinsee"]
[Date "2019.11.23"]
[Round "5.25"]
[White "Ketting, Douwe"]
[Black "Dietl, Harald"]
[Result "0-1"]
[WhiteElo "1534"]
[BlackElo "1792"]
[PlyCount "66"]
[EventDate "2019.??.??"]
[WhiteTeam "SC Somborn"]
[BlackTeam "SK Abensberg"]

1. b4 d6 2. Bb2 e5 3. e3 Nf6 4. c4 Be7 5. Nf3 O-O 6. d4 exd4 7. exd4 d5 8. c5
Re8 9. Be2 c6 10. O-O Bg4 11. Nbd2 Nbd7 12. h3 Bh5 13. Ne5 Bxe2 14. Qxe2 Nxe5
15. dxe5 Nd7 16. f4 b6 17. cxb6 Qxb6+ 18. Kh1 Bxb4 19. Nf3 h6 20. Qc2 Bf8 21.
Rab1 Qa6 22. Nd4 c5 23. Nf5 d4 24. Qb3 Rab8 25. Qd5 Nb6 26. Qf3 Qxa2 27. Ba3
Qe6 28. Qg4 g6 29. Nxh6+ Bxh6 30. Qxe6 Rxe6 31. Bxc5 Rd8 32. Rbd1 d3 33. Bd6
Nc4 0-1

[Event "Sparkassen-Open B"]
[Site "Heusenstamm, Martinsee"]
[Date "2019.11.23"]
[Round "5.26"]
[White "Jordake, Michael"]
[Black "Moldenhauer, Lennart"]
[Result "0-1"]
[WhiteElo "1789"]
[BlackElo "1511"]
[PlyCount "94"]
[EventDate "2019.??.??"]
[WhiteTeam "SC Bergen-Enkheim"]
[BlackTeam "SV Oberursel"]

1. Nc3 g6 2. e4 Bg7 3. Nf3 d6 4. Be2 a6 5. d4 Nd7 6. Be3 b5 7. Bd3 Bb7 8. O-O
Ngf6 9. h3 b4 10. Ne2 Nxe4 11. Ng3 Ndf6 12. Nd2 Nxg3 13. fxg3 O-O 14. Nf3 Nd5
15. Bd2 c5 16. c3 Qb6 17. c4 Nf6 18. Re1 Rfe8 19. dxc5 dxc5 20. Qe2 Qd6 21. Bf4
Qc6 22. Ne5 Qe6 23. Qf2 Nd7 24. Ng4 Qb6 25. Kh2 e5 26. Bh6 f5 27. Bxg7 Kxg7 28.
Bxf5 gxf5 29. Qxf5 Qe6 30. Qg5+ Qg6 31. Qd2 Rad8 32. Qe3 e4 33. Rad1 Kh8 34.
Qf4 Rf8 35. Qc7 Qc6 36. Qxc6 Bxc6 37. Rd6 Rc8 38. Re6 Rfe8 39. Rh6 Ne5 40. Ne3
Kg7 41. Rh5 Nd3 42. Rf1 Rf8 43. Nf5+ Kh8 44. b3 Bd7 45. g4 Rce8 46. g3 Bxf5 47.
gxf5 e3 0-1

[Event "Sparkassen-Open B"]
[Site "Heusenstamm, Martinsee"]
[Date "2019.11.23"]
[Round "5.27"]
[White "Schwab, Tizian"]
[Black "Reinhold, Günther"]
[Result "1/2-1/2"]
[WhiteElo "1495"]
[BlackElo "1785"]
[PlyCount "42"]
[EventDate "2019.??.??"]
[WhiteTeam "TV-Großostheim"]
[BlackTeam "Frankfurter TV"]

1. e4 c5 2. Nf3 e6 3. c4 Nc6 4. Nc3 a6 5. b3 d6 6. d4 cxd4 7. Nxd4 Bd7 8. Be3
Be7 9. Be2 Nf6 10. O-O Qc7 11. Rc1 Nxd4 12. Qxd4 O-O 13. Rfd1 Rfd8 14. Bg5 Bc6
15. Qe3 Rac8 16. Bf3 b6 17. Qf4 Ne8 18. Bxe7 Qxe7 19. Qe3 Rb8 20. Rd3 Qc7 21.
h3 Rbc8 1/2-1/2

[Event "Sparkassen-Open B"]
[Site "Heusenstamm, Martinsee"]
[Date "2019.11.23"]
[Round "5.28"]
[White "Martin, Peter"]
[Black "Lorenz, Alexander"]
[Result "0-1"]
[WhiteElo "1395"]
[BlackElo "1759"]
[PlyCount "102"]
[EventDate "2019.??.??"]
[WhiteTeam "SC Wittlich"]
[BlackTeam "SV Bergwinkel"]

1. e4 c5 2. Nf3 d6 3. d4 cxd4 4. Nxd4 Nf6 5. Nc3 g6 6. Bb5+ Bd7 7. Bxd7+ Qxd7
8. f4 Nc6 9. Nf3 Bg7 10. O-O O-O 11. Be3 Rac8 12. Rc1 a6 13. h3 Na5 14. e5 Ne8
15. b3 Rxc3 16. Bd2 Nxb3 17. cxb3 Rxc1 18. Qxc1 dxe5 19. fxe5 Bxe5 20. Nxe5
Qd4+ 21. Kh1 Qxe5 22. Re1 Qd6 23. Bf4 Qd7 24. Qd2 Nd6 25. Rd1 Rd8 26. Qd4 h5
27. Bh6 f6 28. Bc1 Qe6 29. Ba3 Qe2 30. Qd5+ Kg7 31. Qd2 Qxd2 32. Rxd2 b5 33. g3
Kf7 34. Kg2 Nb7 35. Rxd8 Nxd8 36. Bc1 Nc6 37. h4 Nb4 38. a3 Nc6 39. b4 Ne5 40.
Bb2 Ke6 41. Bxe5 Kxe5 42. Kf3 Kd4 43. Kf4 e5+ 44. Kf3 e4+ 45. Ke2 e3 46. Ke1
Kd3 47. Kd1 e2+ 48. Ke1 f5 49. a4 bxa4 50. b5 axb5 51. g4 fxg4 0-1

[Event "Sparkassen-Open B"]
[Site "Heusenstamm, Martinsee"]
[Date "2019.11.23"]
[Round "5.29"]
[White "Schwenk, Stefan"]
[Black "Spinnler, Wolfgang"]
[Result "1-0"]
[WhiteElo "1723"]
[BlackElo "1541"]
[PlyCount "71"]
[EventDate "2019.??.??"]
[WhiteTeam "SK Geisenheim"]
[BlackTeam "SC Landskrone"]

1. c4 c5 2. g3 g6 3. Bg2 Bg7 4. Nc3 Nf6 5. e3 O-O 6. Nge2 Nc6 7. a3 Qc7 8. O-O
a6 9. Rb1 b6 10. b4 cxb4 11. axb4 Bb7 12. d3 Na7 13. e4 d6 14. Bb2 Nd7 15. Nf4
e6 16. Qe2 b5 17. Rfc1 bxc4 18. dxc4 Nc6 19. b5 Nd4 20. Qd1 Nc5 21. Ba1 Bh6 22.
Qxd4 e5 23. Ncd5 Bxd5 24. Qxd5 exf4 25. b6 Qe7 26. Re1 fxg3 27. hxg3 Bg7 28. e5
Rfd8 29. exd6 Qd7 30. Qxc5 Rac8 31. Qb4 Bxa1 32. Rxa1 Qg4 33. Re4 Qh5 34. Qa3
f5 35. Re7 f4 36. Bd5+ 1-0

[Event "Sparkassen-Open B"]
[Site "Heusenstamm, Martinsee"]
[Date "2019.11.23"]
[Round "5.30"]
[White "Meng, Yuxuan"]
[Black "Heller, Holger"]
[Result "1/2-1/2"]
[WhiteElo "1378"]
[BlackElo "1722"]
[PlyCount "103"]
[EventDate "2019.??.??"]
[WhiteTeam "SV Walldorf"]
[BlackTeam "TuS Dotzheim"]

1. e4 e5 2. Nf3 d6 3. d4 exd4 4. Nxd4 Be7 5. Nc3 Nf6 6. Bc4 Nc6 7. f3 O-O 8.
Be3 Nxd4 9. Bxd4 Be6 10. Qd3 Qd7 11. O-O-O a6 12. Kb1 Rfd8 13. Rdf1 b5 14. Bxe6
fxe6 15. g4 c5 16. Bxf6 Bxf6 17. h4 c4 18. Qe3 b4 19. Nd1 d5 20. e5 d4 21. Qe1
Be7 22. f4 d3 23. cxd3 Qxd3+ 24. Ka1 Qc2 25. Ne3 Qa4 26. Qb1 b3 27. Nd1 Qa5 28.
h5 Bb4 29. Rh3 Rxd1 30. Rxd1 c3 31. bxc3 Bxc3+ 32. Rxc3 Qxc3+ 33. Qb2 Qxb2+ 34.
Kxb2 bxa2 35. Kxa2 Ra7 36. Kb3 Kf7 37. Kc4 g6 38. hxg6+ Kxg6 39. Rd6 Kf7 40. f5
exf5 41. gxf5 a5 42. Kb3 a4+ 43. Ka3 Kg7 44. Rd1 Kf7 45. Rg1 Kf8 46. e6 Rg7 47.
Re1 Ke7 48. Rf1 Kf6 49. Re1 h5 50. Kxa4 Rh7 51. Kb4 h4 52. Kc5 1/2-1/2

[Event "Sparkassen-Open B"]
[Site "Heusenstamm, Martinsee"]
[Date "2019.11.23"]
[Round "5.31"]
[White "Dinse, Michael"]
[Black "Keck, Johannes"]
[Result "1/2-1/2"]
[WhiteElo "1709"]
[BlackElo "1263"]
[PlyCount "115"]
[EventDate "2019.??.??"]
[WhiteTeam "SC Turm Reinfeld"]
[BlackTeam "SC Erlangen"]

1. d4 Nf6 2. Nf3 g6 3. g3 Bg7 4. c4 O-O 5. Bg2 d6 6. Nc3 Nbd7 7. O-O c6 8. e4
e5 9. h3 h6 10. Be3 Re8 11. Qc2 Qc7 12. Rac1 Kh7 13. Rfd1 a6 14. Qe2 Nf8 15. d5
c5 16. Kh2 Bd7 17. b3 Reb8 18. Ne1 Ne8 19. f4 f6 20. fxe5 fxe5 21. Nf3 Nf6 22.
Rf1 b5 23. Nd2 b4 24. Nd1 a5 25. Nb2 a4 26. Nxa4 Bxa4 27. bxa4 Rxa4 28. Nb3
Rba8 29. Rc2 Qa7 30. Rf2 N8d7 31. Bc1 Nb6 32. Be3 Qc7 33. Nc1 R4a6 34. Qf1 Qe7
35. Bd2 Nbd7 36. Rf3 Ra3 37. Rxa3 Rxa3 38. Nd3 Nb6 39. Bc1 Ra6 40. Nf2 Qa7 41.
Qe2 Nbd7 42. Bf3 Qb7 43. Rb2 Qa7 44. Qd2 Qa8 45. Bd1 Nb6 46. Bb3 Na4 47. Bxa4
Rxa4 48. Qe2 Qa7 49. Nd3 Qa8 50. Nf2 Ra6 51. g4 Nd7 52. Rc2 Ra4 53. Nd3 Ra6 54.
Be3 Ra5 55. Nc1 Qf8 56. Qg2 Ra8 57. Rf2 Qe7 58. Qf1 1/2-1/2

[Event "Sparkassen-Open B"]
[Site "Heusenstamm, Martinsee"]
[Date "2019.11.23"]
[Round "5.32"]
[White "Haas, Vanessa"]
[Black "Köpke, Carolina"]
[Result "1-0"]
[WhiteElo "1706"]
[BlackElo "1453"]
[PlyCount "33"]
[EventDate "2019.??.??"]
[WhiteTeam "SC FK Babenhausen"]
[BlackTeam "SV Oberursel"]

1. e4 e5 2. Nf3 Nc6 3. Bb5 Bc5 4. O-O Nge7 5. Nc3 d6 6. h3 f5 7. d3 fxe4 8.
dxe4 a6 9. Be2 Be6 10. Ng5 Qd7 11. Nd5 Bxd5 12. exd5 Nd4 13. Bg4 Qb5 14. c3
Ndf5 15. Ne6 Qd7 16. Nxg7+ Kd8 17. Bg5 1-0

[Event "Sparkassen-Open B"]
[Site "Heusenstamm, Martinsee"]
[Date "2019.11.23"]
[Round "5.33"]
[White "Chambers, Dominik Keith"]
[Black "Moldenhauer, Nils"]
[Result "1-0"]
[WhiteElo "1684"]
[BlackElo "1453"]
[PlyCount "127"]
[EventDate "2019.??.??"]
[WhiteTeam "SC Lorsch"]
[BlackTeam "SV Oberursel"]

1. Nf3 Nc6 2. g3 e5 3. d3 d5 4. Bg2 Nf6 5. O-O Bc5 6. Nbd2 O-O 7. e4 d4 8. Nc4
Re8 9. a4 Bg4 10. Qe1 a6 11. Bd2 b5 12. axb5 axb5 13. Na3 Qb8 14. b4 Bd6 15. c3
Qb7 16. Nc2 Qb6 17. Rxa8 Rxa8 18. cxd4 Nxd4 19. Nfxd4 exd4 20. e5 Re8 21. f4
Nd7 22. Qa1 Be7 23. Qxd4 Be2 24. Qxb6 Nxb6 25. Rc1 Bxd3 26. Nd4 Bd8 27. Nc6 Nc4
28. Be1 Be7 29. Bf2 h6 30. Bh3 f5 31. exf6 Bxf6 32. Bd7 Rf8 33. Bc5 Ra8 34.
Ne7+ Kh8 35. Nd5 Bd8 36. Bd4 Rb8 37. Bc6 Be4 38. Ba7 Rc8 39. Bb7 Bf5 40. Bxc8
Bxc8 41. Bc5 Bf5 42. Re1 Bg6 43. Ne7 Bh5 44. Bd4 Bf3 45. Nf5 Bf6 46. Bxf6 gxf6
47. Nd4 Bd5 48. Nxb5 c6 49. Nc7 Bf3 50. Kf2 Bg4 51. Rc1 Nb2 52. Ke3 Bd7 53. Kd4
Na4 54. Re1 Bf5 55. Re7 Kg8 56. Ne6 Bg6 57. Rg7+ Kh8 58. Rxg6 Kh7 59. Nf8+ Kh8
60. Rxf6 Nb6 61. Rxc6 Na4 62. b5 Kg7 63. Nd7 h5 64. Nc5 1-0

[Event "Sparkassen-Open B"]
[Site "Heusenstamm, Martinsee"]
[Date "2019.11.23"]
[Round "5.34"]
[White "Friedel, Thomas"]
[Black "Gnandt, Michael"]
[Result "1-0"]
[WhiteElo "1631"]
[BlackElo "1434"]
[PlyCount "65"]
[EventDate "2019.??.??"]
[WhiteTeam "SV Groß-Gerau"]
[BlackTeam "SV Steinhausen"]

1. e4 e5 2. Nf3 Nc6 3. Bc4 Bc5 4. d3 Nf6 5. O-O a6 6. c3 d6 7. Bg5 Be6 8. Nbd2
O-O 9. Bxe6 fxe6 10. Qb3 Qc8 11. Rfe1 Na5 12. Qd1 Ba7 13. Nb3 Nc6 14. d4 exd4
15. cxd4 e5 16. d5 Ne7 17. Rc1 Ng6 18. h3 h6 19. Be3 Bxe3 20. Rxe3 Qd7 21. Qc2
Rac8 22. Rc3 Rf7 23. Nfd2 Nf4 24. Nf1 Qb5 25. Ng3 Qb6 26. Nd2 Nh7 27. Nc4 Qa7
28. Nxd6 Nxh3+ 29. gxh3 Qxf2+ 30. Qxf2 Rxf2 31. Kxf2 Rf8+ 32. Kg1 cxd6 33. Rc8
1-0

[Event "Sparkassen-Open B"]
[Site "Heusenstamm, Martinsee"]
[Date "2019.11.23"]
[Round "5.35"]
[White "Gräf, Kilian Gabriel"]
[Black "Pichl, Christoph"]
[Result "1/2-1/2"]
[WhiteElo "1439"]
[BlackElo "1611"]
[PlyCount "95"]
[EventDate "2019.??.??"]
[WhiteTeam "SV Frankfurt Nord"]
[BlackTeam "SK Bad Homburg"]

1. d4 Nf6 2. c4 e6 3. Nc3 Bb4 4. e3 O-O 5. Nge2 d5 6. a3 Bxc3+ 7. Nxc3 b6 8. b4
Nbd7 9. cxd5 exd5 10. Bd3 Bb7 11. Bb2 Re8 12. Qc2 Rc8 13. O-O Ne4 14. f3 Nxc3
15. Bxc3 Nf6 16. Rae1 Qd7 17. Bf5 Qe7 18. Bxc8 Rxc8 19. Bd2 Rd8 20. Rc1 Rd7 21.
Qd3 h6 22. a4 Qd6 23. Qb3 Kh8 24. a5 b5 25. Rc3 a6 26. Rfc1 c6 27. Be1 Rd8 28.
Bh4 g5 29. Bg3 Qe7 30. Be5 Kg7 31. Re1 Kg8 32. Bxf6 Qxf6 33. Rd3 Re8 34. Rd2
Bc8 35. e4 Bf5 36. e5 Qg6 37. Rc1 Bc8 38. Qd3 Qe6 39. Qc3 Bb7 40. Qc5 Rd8 41.
Qb6 Qe7 42. e6 fxe6 43. Re2 Re8 44. Rce1 Qd7 45. Qc5 Kg7 46. Qc1 Qd6 47. Qd2
Bc8 48. Re5 1/2-1/2

[Event "Sparkassen-Open B"]
[Site "Heusenstamm, Martinsee"]
[Date "2019.11.23"]
[Round "5.36"]
[White "Gräf, Jakob Vincent"]
[Black "Richter, Tim"]
[Result "1/2-1/2"]
[WhiteElo "1609"]
[BlackElo "1446"]
[PlyCount "85"]
[EventDate "2019.??.??"]
[WhiteTeam "SV Frankfurt Nord"]
[BlackTeam "SF Heidesheim"]

1. e4 c5 2. c3 Nc6 3. d4 cxd4 4. cxd4 e6 5. Nf3 d5 6. e5 Bd7 7. a3 Nge7 8. Bd3
Ng6 9. Bd2 Qb6 10. Bc3 Be7 11. O-O O-O 12. Bxg6 fxg6 13. Nbd2 Qc7 14. Rc1 Rfc8
15. Qe2 Qd8 16. h3 Rc7 17. Nb3 Rac8 18. Rc2 Nb8 19. Rfc1 Ba4 20. Nfd2 b6 21.
Qd3 a5 22. Re1 Bg5 23. Rcc1 Bxb3 24. Nxb3 Bxc1 25. Nxc1 Qd7 26. Ne2 Rf8 27. Qg3
Nc6 28. Qg4 b5 29. Nf4 Re8 30. Nd3 Rb7 31. Nc5 Qe7 32. Nxb7 Qxb7 33. Rc1 Qd7
34. h4 a4 35. Qe2 Ne7 36. Bd2 Rc8 37. Rc5 Rxc5 38. dxc5 Qb7 39. Ba5 Nc6 40. Qd2
Qa6 41. Bc3 Qb7 42. Bb4 Qb8 43. Bc3 1/2-1/2